Statistiques concernant Vocabulaire espagnol 7

Cliquez ici pour prendre le quiz!

Statistiques générales

  • Ce quiz a été pris 80 fois
  • Le résultat moyen est 39 sur 100

Statistiques - réponses

Mots FRMots ES% Correct
NoirNegro
88%
PublicPublico
88%
BlancBlanco
87%
OrangeNaranja
87%
RoseRosa
85%
VertVerde
85%
JauneAmarillo
83%
BleuAzul
83%
RougeRojo
83%
GrisGris
81%
AprèsDespues
77%
PaysagePaisaje
77%
AvantAntes
75%
DistanceDistancia
75%
PrésidentPresidente
75%
MaintenantAhora
71%
DocteurDoctor
67%
RêveSueno
65%
NombreNumero
63%
FormeForma
62%
DentisteDentista
60%
MédecinMedico
60%
ArtisteArtista
58%
IntérieurInterior
58%
MilitaireMilitar
58%
BlondRubio
58%
ExtérieurExterior
56%
RéparateurReparador
56%
SoldatSoldado
50%
CuisinierCocinero
48%
DiscoursDiscurso
48%
FleuristeFlorista
48%
JardinierJardinero
48%
PolicierPolicia
48%
BanquierBanquero
46%
ServeurCamarero
44%
DehorsFuera
44%
VioletVioleta
44%
Brun (cheveux)Moreno
42%
PompierBombero
40%
ChanteurCantante
40%
LibrairieLibreria
40%
BoulangerPanadero
40%
Droite (Ligne)Recta
40%
TriangleTriangulo
40%
AgriculteurAgricultor
38%
JugeJuez
38%
NotaireNotario
38%
PrésentateurPresentador
38%
RectangleRectangulo
38%
VendeurVendedor
38%
CercleCirculo
37%
DedansDentro
37%
MécanicienMecanico
37%
OuvrierObrero
37%
CoiffeurPeluquero
35%
BoucherCarnicero
33%
RouxPelirrojo
31%
SensSentido
31%
MaireAlcalde
29%
BarbierBarbero
29%
AvocatAbogado
27%
CarréCuadrado
27%
RoueRueda
27%
A côtéAl lado de
25%
DerrièreDetras de
25%
FreinFreno
25%
Avoir sommeilTener sueno
25%
ChauffeurConductor
23%
SphèreEsfera
23%
DébutPrincipio
23%
InfirmierEnfermero
21%
VolantVolante
21%
AccélérateurAcelerador
19%
DanseulBailarin
19%
DevantDelante de
19%
AmendeMulta
19%
PédalePedal
19%
LibraireLibrero
17%
SiègeAsiento
15%
CeintureCinturon
15%
Faire un tourDar una vuelta
15%
Au milieuEn medio
15%
RétroviseurRetrovisor
15%
Au boutAl final
13%
PariApuesta
13%
CamionneurCamionero
13%
EntreMedio
12%
PharmacienFarmaceutico
10%
Coffre (voiture)Maletero
8%
ElectricienElectricista
6%
BuralisteEstanquero
6%
PlombierFontanero
6%
LivreurRepartidor
4%
Eboueur
Basurero
2%
ParcmètreParquimetro
2%
Tableau de bord (voiture)Salpicadero
2%
FacteurCartero
0%
ClignotantLuz intermitente
0%
LevierPalanca
0%

Distribution des résultats

Percentile par nombre de réponses

% des personnes avec chaque résultat

Votre développement - résultats

Vous n’avez pas pris ce quiz